ბათუმის შოთა რუსთაველის სახელმწიფო უნივერსიტეტის ბიბლიოთეკა

Braddom's physical medicine & rehabilitation / (ბიბ.ჩანაწერი № 57469)

000 -LEADER
fixed length control field 02268cam a2200241 i 4500
001 - CONTROL NUMBER
control field 18673075
005 - DATE AND TIME OF LATEST TRANSACTION
control field 20221107104251.0
008 - FIXED-LENGTH DATA ELEMENTS--GENERAL INFORMATION
fixed length control field 150623s2016 paua b 001 0 eng
010 ## - LIBRARY OF CONGRESS CONTROL NUMBER
LC control number 2015025018
020 ## - INTERNATIONAL STANDARD BOOK NUMBER
International Standard Book Number 9780323280464 (hardcover : alk. paper) 1
041 ## - LANGUAGE CODE
Language code of text/sound track or separate title eng
080 ## - UNIVERSAL DECIMAL CLASSIFICATION NUMBER
Universal Decimal Classification number 616+615 B-84
245 00 - TITLE STATEMENT
Title Braddom's physical medicine & rehabilitation /
Statement of responsibility, etc. edited by David X. Cifu ; associate editors, Darryl L. Kaelin, University of Louisville Endowed Chair of Stroke and Brain Injury Rehabilitation, Chief, Division of Physical Medicine and Rehabilitation, Director, Physical Medicine and Rehabilitation Residency Program, Department of Neurological Surgery, University of Louisville School of Medicine, Frazier Rehab Institute/Jewish Hospital, Neuroscience Collaborative Center, Louisville, Kentucky, Karen J. Kowalske, Professor, Physical Medicine and Rehabilitation, University of Texas Southwestern Medical Center, Dallas, Texas, Henry L. Lew, Professor, Physical Medicine and Rehabilitation, Virginia Commonwealth University School of Medicine, Richmond, Virginia, Professor, Communication Science and Disorders, University of Hawaii School of Medicine, Honolulu, Hawaii, Michelle A. Miller, MD, Clinical Assistant Professor, Departments of Physical Medicine and Rehabilitation, The Ohio State University Wexner Medical Center, Section Chief, Pediatric Physical Medicine and Rehabilitation, Nationwide Children's Hospital, Columbus, Ohio, Kristjan T. Ragnarsson, MD, Lucy G. Moses Professor and Chairman, Department of Rehabilitation Medicine, Icahn School of Medicine at Mount Sinai, New York, New York, Gregory Worsowicz, MD, MBA, Professor of Clinical Physical Medicine and Rehabilitation, University of Missouri School of Medicine, Columbia, Missouri.
246 1# - VARYING FORM OF TITLE
Title proper/short title Braddom's physical medicine and rehabilitation
250 ## - EDITION STATEMENT
Edition statement Fifth edition.
264 #1 - PRODUCTION, PUBLICATION, DISTRIBUTION, MANUFACTURE, AND COPYRIGHT NOTICE
Place of production, publication, distribution, manufacture Philadelphia, PA :
Name of producer, publisher, distributor, manufacturer Elsevier,
Date of production, publication, distribution, manufacture, or copyright notice [2016]
300 ## - PHYSICAL DESCRIPTION
Extent xxiii, 1204 pages :
Other physical details illustrations (some color) ;
Dimensions 29 cm.
336 ## - CONTENT TYPE
Content type term text
Source rdacontent
650 22 - SUBJECT ADDED ENTRY--TOPICAL TERM
Topical term or geographic name entry element Rehabilitation
General subdivision methods.
9 (RLIN) 8417
653 ## - INDEX TERM--UNCONTROLLED
keyword ფიზიკური მედიცინა და რეაბილიტაცია
700 1# - ADDED ENTRY--PERSONAL NAME
Personal name Cifu, David X.,
Relator term რედაქტორი
9 (RLIN) 8759
942 ## - ADDED ENTRY ELEMENTS (KOHA)
Source of classification or shelving scheme
Koha item type წიგნი
ეგზემპლარები
Withdrawn status Lost status Source of classification or shelving scheme Damaged status Not for loan Permanent Location Current Location Shelving location Date acquired Cost, normal purchase price Full call number Barcode Date last seen Copy number Price effective from Koha item type Public note
          ბათუმის შოთა რუსთაველის სახელმწიფო უნივერსიტეტის მთავარი ბიბლიოთეკა ბათუმის შოთა რუსთაველის სახელმწიფო უნივერსიტეტის მთავარი ბიბლიოთეკა წიგნსაცავი 2020-06-25 646.00 616+615 B-84 60666 2020-06-25 60666 2020-06-25 წიგნი 646 ლ.